Minecraft: Choose The Odd One Out - Statistics

General Stats
  • This quiz has been taken 514 times
  • The average score is 11 of 15
Answer Stats
Question Answer % Correct
Mob that spawns in the nether Allay
98%
Dye color Scarlet
92%
Ore Sapphire
91%
Wood type Maple
88%
Ingot Quartz
88%
Biome that contains villages Jungle
85%
Mob that drops leather when killed Pig
80%
Stackable item Bed
77%
Mob that has a spawn egg Snow Golem
74%
Interactable block Observer
73%
Mob that is dye-able Horse
69%
Yellow block Shroomlight
68%
Item that can be crafted into a form of brick Andesite
55%
Item that Piglins can trade Golden Chestplate
41%
Update that has happened Archeology Update
31%
No matching quizzes found
Score Distribution
Percent of People with Each Score
Percentile by Number Answered
Your Score History
You have not taken this quiz